MARC details
| 000 -LEADER |
| fixed length control field |
02112cam a2200385 a 4500 |
| 001 - CONTROL NUMBER |
| control field |
1550099 |
| 003 - CONTROL NUMBER IDENTIFIER |
| control field |
ARRUPE |
| 005 - DATE AND TIME OF LATEST TRANSACTION |
| control field |
20131014122626.0 |
| 008 - FIXED-LENGTH DATA ELEMENTS--GENERAL INFORMATION |
| fixed length control field |
941019s1996 njua b 000 0 eng |
| 010 ## - LIBRARY OF CONGRESS CONTROL NUMBER |
| LC control number |
94041598 |
| 020 ## - INTERNATIONAL STANDARD BOOK NUMBER |
| International Standard Book Number |
0865431965 |
| 020 ## - INTERNATIONAL STANDARD BOOK NUMBER |
| International Standard Book Number |
9780865431966 |
| 020 ## - INTERNATIONAL STANDARD BOOK NUMBER |
| International Standard Book Number |
0865431973 (pbk.) |
| 020 ## - INTERNATIONAL STANDARD BOOK NUMBER |
| International Standard Book Number |
9780865431973 (pbk.) |
| 024 ## - OTHER STANDARD IDENTIFIER |
| Standard number or code |
99954509246 |
| 035 ## - SYSTEM CONTROL NUMBER |
| System control number |
(OCoLC)31411948 |
| 035 ## - SYSTEM CONTROL NUMBER |
| System control number |
(OCoLC)ocm31411948\ |
| 035 ## - SYSTEM CONTROL NUMBER |
| System control number |
(NNC)1550099 |
| 040 ## - CATALOGING SOURCE |
| Original cataloging agency |
DLC |
| Transcribing agency |
DLC |
| Modifying agency |
YHM |
| -- |
BAKER |
| -- |
BTCTA |
| -- |
YDXCP |
| 043 ## - GEOGRAPHIC AREA CODE |
| Geographic area code |
f------ |
| 050 00 - LIBRARY OF CONGRESS CALL NUMBER |
| Classification number |
GV1705 |
| Item number |
.A47 1996 |
| 300 ## - PHYSICAL DESCRIPTION |
| Other physical details |
ill. ; |
| Dimensions |
23 cm. |
| 100 ## - MAIN ENTRY--PERSONAL NAME |
| Personal name |
Welsh-Asante, Kariamu |
| 9 (RLIN) |
2510 |
| 245 00 - TITLE STATEMENT |
| Title |
African dance : |
| Remainder of title |
an artistic, historical, and philosophical inquiry / |
| Statement of responsibility, etc |
edited by Kariamu Welsh-Asante. |
| 260 ## - PUBLICATION, DISTRIBUTION, ETC. (IMPRINT) |
| Place of publication, distribution, etc |
Trenton, NJ : |
| Name of publisher, distributor, etc |
Africa World Press, |
| Date of publication, distribution, etc |
c1996. |
| 300 ## - PHYSICAL DESCRIPTION |
| Extent |
xviii, 254 p. : |
| 504 ## - BIBLIOGRAPHY, ETC. NOTE |
| Bibliography, etc |
Includes bibliographical references (p. 227-250). |
| 505 00 - FORMATTED CONTENTS NOTE |
| Title |
African dance / |
| Statement of responsibility |
Pearl Primus -- |
| Title |
Traditional dance in Africa / |
| Statement of responsibility |
Doris Green -- |
| Title |
Panoply of African dance dynamics / |
| Statement of responsibility |
Esilokun Kinni-Olusanyin -- |
| Title |
African dance: transition and continuity / |
| Statement of responsibility |
Robert W. Nicholls -- |
| Title |
African dance: bridges to humanity / |
| Statement of responsibility |
Tracy D. Snipe -- |
| Title |
African influences in Brazilian dance / |
| Statement of responsibility |
Myriam Evelyse Mariani -- |
| Title |
Dancing under the lash: sociocultural disruption, continuity, and synthesis / |
| Statement of responsibility |
Katrina Hazzard-Gordon -- |
| Title |
Dianne McIntyre: a twentieth century African-American griot / |
| Statement of responsibility |
Cynthia S'thembile West -- |
| Title |
Tap dance: manifestation of the African aesthetic / |
| Statement of responsibility |
Cheryl Willis -- |
| Title |
Traditional African dance in context / |
| Statement of responsibility |
Felix Begho -- |
| Title |
In contest: the dynamics of African religious dances / |
| Statement of responsibility |
Omofolabo Soyinka Ajayi -- |
| Title |
Zimbabwean dance aesthetic: senses, canons and characteristics / |
| Statement of responsibility |
Kariamu Welsh Asante -- |
| Title |
Bibliographic essay and selected bibliography of African dance / |
| Statement of responsibility |
Glendola Yherma Mills. |
| 650 #0 - SUBJECT ADDED ENTRY--TOPICAL TERM |
| Topical term or geographic name as entry element |
Dance |
| Geographic subdivision |
Africa. |
| 9 (RLIN) |
2511 |
| 650 #0 - SUBJECT ADDED ENTRY--TOPICAL TERM |
| Topical term or geographic name as entry element |
Dance |
| General subdivision |
Social aspects |
| Geographic subdivision |
Africa. |
| 9 (RLIN) |
2512 |
| 650 #0 - SUBJECT ADDED ENTRY--TOPICAL TERM |
| Topical term or geographic name as entry element |
Dance, Black. |
| 9 (RLIN) |
2513 |
| 700 1# - ADDED ENTRY--PERSONAL NAME |
| Personal name |
Welsh-Asante, Kariamu. |
| 9 (RLIN) |
2514 |
| 942 ## - ADDED ENTRY ELEMENTS (KOHA) |
| Source of classification or shelving scheme |
Library of Congress Classification |
| Koha item type |
Monograph ( Printed materials) |
| 948 1# - LOCAL PROCESSING INFORMATION (OCLC); SERIES PART DESIGNATOR (RLIN) |
| Series part designator, SPT (RLIN) |
20130819 |
| b (OCLC) |
c |
| c (OCLC) |
dk2679 |
| d (OCLC) |
MPS |